| 000 | 00459cam a22001457a 4500 | ||
|---|---|---|---|
| 008 | 180718b1976 xxu||||| |||| 00| 0 eng d | ||
| 082 | _aAPPPA 75-76 RAO | ||
| 100 | _aRao, I.S. | ||
| 245 |
_aSocio economic impact of industrialisation on a tribal village _cby I.S. Rao |
||
| 260 |
_aNew Delhi _bIndian Institute of Public Administration _c1976 |
||
| 300 | _a31+p. | ||
| 650 | _aTribal village | ||
| 650 | _aIndustrialisation | ||
| 650 | _aSocio economic impact | ||
| 999 |
_c501124 _d501124 |
||